Suomen suurimmat kaupungit vuonna 1917 kartalla - Statistics

Yleistilastot
  • Tätä visaa on pelattu 1 974 kertaa
  • Keskiarvotulos 24 / 30
Vastaukset kartalla
Vastauksille on annettu kartalla punavihreä väri sen mukaan, kuinka moni on saanut sen oikein.
 
Vastaustilastot
Väkiluku Kaupunki % Oikein
187 544 Helsinki
99%
21 940 Oulu
99%
56 168 Turku
99%
46 353 Tampere
97%
24 776 Vaasa
96%
17 603 Pori
93%
5 292 Jyväskylä
92%
18 106 Kuopio
89%
6 089 Hanko
88%
11 794 Kotka
88%
5 242 Joensuu
87%
6 441 Hämeenlinna
86%
5 325 Porvoo
86%
6 588 Lahti
85%
3 678 Lappeenranta
85%
7 774 Rauma
84%
4 210 Kokkola
83%
29 573 Viipuri
83%
3 906 Kajaani
79%
4 590 Mikkeli
79%
3 171 Hamina
76%
4 852 Savonlinna
71%
4 072 Raahe
66%
4 306 Uusikaupunki
64%
3 973 Loviisa
63%
7 415 Pietarsaari
62%
2 977 Iisalmi
59%
3 536 Kristiinankaupunki
53%
3 317 Tammisaari
51%
3 629 Sortavala
40%
Ehtoja vastaavia visoja ei löytynyt
Tulosjakauma
Jokaisen tuloksen saaneiden osuus
Persentiili vastausten määrän mukaan
Tuloshistoriasi
Et ole pelannut tätä visaa